000 005510000a22001810004500
003 MACL
005 20160207141229.0
008 160207b xxu||||| |||| 00| 0 eng d
040 _aMACL
_cMACL
041 _aHindi
082 _a294
100 _aमोहता सूरजमल
_937297
245 _aवाल्‍मीकिकृत राम-कथा
260 _bसस्‍त साहित्‍य पण्‍डल
_c1983
_aनई दिल्‍ली
350 _a15
650 _aReligion
_937298
942 _cHIN
_k294
_2ddc
999 _c27805
_d27805